LEADER 01343nam a2200277 i 4500 001 000000221674 003 CaOOAMICUS 005 20220808140309.0 008 130801s1997 it u000 u ita u 013 $a200571 020 $a88-86521-72-3 040 $aSeMil$bita 100 1 $aLandolfi Petrone, Giuseppe <1957- >.$0(OLS)http://semarc/name/50704 245 12$aL'ancella della ragione :$ble origini di Der Streit der Fakultäten di Kant /$cGiuseppe Landolfi Petrone. 260 $aNapoli :$bLa Cittā del Sole,$c1997. 300 $a261 p. :$bill. ;$c22 cm. 490 1 $aIl pensiero e la storia / Istituto italiano per gli studi filosofici ;$v31 650 4$aKant, Immanuel <1724-1804> . Der Streit der Fakultäten.$0(OLS)http://semarc/subject/13730 830 3$aIl pensiero e la storia / Istituto italiano per gli studi filosofici ;$v31.$0(OLS)http://semarc/title/157665 850 $aSeMil 852 $aSeMil$W1$xVenegono$y1$m2P VII 39$j172023$B172023$CSeMilBibl$Z2$F183724 $81 961 $aOmaggio: Conti don Ermenegildo 996 $6020$a88-86521-72-3$9(OLS)http://semarc/number/220786 996 $6245$aL'ancella della ragione :$ble origini di Der Streit der Fakultäten di Kant$9(OLS)http://semarc/title/317797 996 $6260$aNapoli :$bLa Cittā del Sole$9(OLS)http://semarc/publisher/32048 LEADER 00763nam a2200205 i 4500 001 000000034259 003 CaOOAMICUS 005 20100520000000.0 008 100520n it u000 u ita u 013 $a414 040 $aSeMil$bita 100 1 $aFoglio, Dino.$0(OLS)http://semarc/name/10425 245 10$a1 /$cDino Foglio. 300 $a221 p. 650 4$aRinnovamento nello Spirito (Movimento).$0(OLS)http://semarc/subject/1768 773 0 $aFoglio, Dino$tVero volto del rinnovamento nello Spirito in Italia.$dBrescia : Ed. del Moretto, Libreria Queriniana, 1981-$g1$w()23362 850 $aSeMil 852 $aSeMil$W1$xVenegono$y1$m2F IV 207$j414$B414$CSeMilBibl$Z2$F414 $81 961 $aOmaggio: Deposito 996 $6245$a1$9(OLS)http://semarc/title/46247 LEADER 00916nam a2200241 i 4500 001 000000080369 003 CaOOAMICUS 005 20170428000000.0 008 170428s1973 it u000 u ita u 013 $a52607 040 $aSeMil$bita 100 1 $aRiva, Giovanni <1942-2012>.$0(OLS)http://semarc/name/19001 245 10$aAndare a scuola in Corea (RPDK) /$cGiovanni Riva. 260 $aMilano :$bJaca Book,$ccopyr. 1973. 300 $a90 p. ;$c18 cm. 490 0 $aLavoro e scuola ;$v3 650 4$aCorea.$0(OLS)http://semarc/subject/3980 830 0$aLavoro e scuola ;$v3.$0(OLS)http://semarc/title/6270 850 $aSeMil 852 $aSeMil$W1$xVenegono$y1$m3V I 77$j45867$B45867$CSeMilBibl$Z2$F47966 $81 961 $aRecupero: Seminario di Seveso 996 $6245$aAndare a scuola in Corea (RPDK)$9(OLS)http://semarc/title/403893 996 $6260$aMilano :$bJaca Book$9(OLS)http://semarc/publisher/29781 LEADER 01085nam a2200265 i 4500 001 000000116326 003 CaOOAMICUS 005 20030616000000.0 008 030616s1993 it u000 u ita u 013 $a89015 040 $aSeMil$bita 100 1 $aMigliorati, Vittorio.$0(OLS)http://semarc/name/48615 245 13$aLe chiese del silenzio :$btestimonianze dirette /$cVittorio Migliorati. 250 $a3. ed. 260 $aNapoli :$bLa Nuova Cultura,$cstampa 1993. 300 $a176 p., [1] c. di ritr., [9] p. di tav. ;$c22 cm. 500 $aFondo Card. C.M. Martini. 650 4$aCattolicesimo e comunismo.$0(OLS)http://semarc/subject/7705 650 4$aComunismo - Persecuzioni religiose.$0(OLS)http://semarc/subject/21446 850 $aSeMil 852 $aSeMil$W1$xVenegono$y1$m3D II 72$j71795$B71795$CSeMilBibl$Z2$F105328 $81 941 1 $a4 961 $aOmaggio: Martini Card. Carlo Maria 996 $6245$aLe chiese del silenzio :$btestimonianze dirette$9(OLS)http://semarc/title/170595 996 $6260$aNapoli :$bLa Nuova Cultura$9(OLS)http://semarc/publisher/31404